000 02367cam a2200457Ma 4500
999 _c111390
_d111390
003 BJBSDDR
005 20230411090034.0
007 ta
008 021017s2006 sp a sb 000 0 spa d
020 _a9788479088507
020 _a8479088508
029 0 _aGGVRL
_bgal9788497170475
035 _a(OCoLC)ocn319794459
035 _a(OCoLC)319794459
040 _aGGVRL
_cGGVRL
_bspa
041 _aspa
049 _aGRAL
050 1 4 _aTK 5105.875
_bS491 2006
082 0 0 _a004.67/8
245 0 0 _aServicios electrónicos para la sociedad de la información :
_bdesarrollo de grandes aplicaciones distribuidas sobre Internet : JDARE, mayo 2005 /
_cFrancisco Maciá Pérez y Juan Manuel García Chamizo, (Eds.).
260 _a[Alicante, España] :
_bPublicaciones de la Universidad de Alicante,
_c2006.
300 _a292 p. :
_bgráf. ;
_c24 cm.
490 1 _aMG, Monografias
500 _aRecoge las ponencias presentadas a las II Jornadas para el desarrollo de grandes aplicaciones de red (JDARE'05), desarrolladas en la Universidad de Alicante durante mayo de 2005.
504 _aIncludes bibliographical references.
520 _aEn este documento se pone de manifiesto la utilidad de este modelo (SOA) en los que se recoge la experiencia de expertos de diversos ambitos profesionales y geograficos, todos ellos relacionados con el desarrollo de grandes aplicaciones distribuidas sobre Internet. Se abordan experiencias probadas en escenarios reales, asi como estudios basicos o enfoques novedosos y propuestas transversales que faciliten el desarrollo de las nuevas tecnologias.
533 _aElectronic reproduction.
_bFarmington Hills, Mi :
_cGale.
_nAvailable via World Wide Web.
534 _pOriginal:
_e292 p. : ill.
538 _aMode of access: Internet.
650 0 _aInternet.
650 0 _aApplication software.
650 4 _aInternet
_923098
_xInnovaciones tecnológicas
_vCongresos, conferencias, etc.
650 4 _aTelecomunicaciones
_94606
_xInnovaciones tecnológicas
_vCongresos, conferencias, etc.
650 4 _aSociedad de la información
_91633
650 4 _aSoftware de aplicación
_923102
700 1 _aMaciá Pérez, Francisco,
_d1968-
_eeditor
_923099
700 1 _aGarcía-Chamizo, Juan Manuel
_eeditor
_923100
830 0 _aMG Monografías (Universidad de Alicante)
_923101
942 _2lcc
_cBK
946 _akk